Ideology and organization in Indian politics : (Record no. 38373)

MARC details
000 -LEADER
fixed length control field 02365cam a2200217 i 4500
020 ## - INTERNATIONAL STANDARD BOOK NUMBER
ISBN 019286341X
020 ## - INTERNATIONAL STANDARD BOOK NUMBER
ISBN 9780192863416
041 ## - LANGUAGE CODE
Language code of text/sound track or separate title eng-
082 04 - DEWEY DECIMAL CLASSIFICATION NUMBER
Classification number 320.954
Item number HAS-I
100 1# - MAIN ENTRY--AUTHOR NAME
Personal name Hasan, Zoya
Relator term author.
245 10 - TITLE STATEMENT
Title Ideology and organization in Indian politics :
Sub Title polarization and the growing crisis of the Congress Party (2009-19) /
Statement of responsibility, etc Zoya Hasan.
250 ## - EDITION STATEMENT
Edition statement First edition.
260 ## - PUBLICATION, DISTRIBUTION, ETC. (IMPRINT)
Place of publication UK :
Name of publisher Oxford University Press,
Year of publication 2022.
300 ## - PHYSICAL DESCRIPTION
Number of Pages x, 205p.
504 ## - BIBLIOGRAPHY, ETC. NOTE
Bibliography, etc Includes bibliographical references (pages 191-197) and index.
520 ## - SUMMARY, ETC.
Summary, etc Ideology and Organization in Indian Politics examines the immense changes that have occurred in Indian politics over the past decade and its impact on the Indian National Congress. The impact is most apparent in the changing fortunes of the Congress party, which suffered two major defeats in 2014 and 2019 elections, bringing the party's crisis to the front and centre of public debate. This book seeks to understand the reasons for these enormous changes by looking first at the underlying conditions that led to the decline of the Congress and, second, the challenges' both external and internal' confronting the Congress and, while doing so, estimating its impact on Indian politics and on the Congress. More specifically, it looks at how important ideological debates provoked by the rise of majoritarianism, the Gujarat model, hypernationalism, the secular retreat, and the curbs and restrictions on the opposition influenced Congress. Exploring ideological shifts and organizational limits that shaped the decline of the Congress makes a compelling case for the significance of the Congress story in understanding the larger political transformation underway in India. The argument centers on the Congress party, but comparatively speaking, it has relevance for the experience of centrist and centre-left parties in other countries, which too suffered a decline in the context of the upsurge of populist nationalism and right-wing politics in the past few years. Analysis of political change in India in the past decade affords insights into the processes of transformation and polarization that grounded the Congress party and centrist parties in other countries as well.
546 ## - LANGUAGE NOTE
Language note English.
650 #7 - SUBJECT ADDED ENTRY--TOPICAL TERM
Topical Term Politics and government.
650 #7 - SUBJECT ADDED ENTRY--TOPICAL TERM
Topical Term India
General subdivision Social conditions.
942 ## - ADDED ENTRY ELEMENTS (KOHA)
Source of classification or shelving scheme Dewey Decimal Classification
Koha item type Books
Holdings
Withdrawn status Lost status Damaged status Not for loan Home library Current library Date acquired Source of acquisition Cost, normal purchase price Full call number Accession Number Cost, replacement price Price effective from Koha item type
        NASSDOC Library NASSDOC Library 16/03/2023 Overseas 0.00 320.954 HAS-I 52932 0.00 25/05/2023 Books